00761 2200289 4500001002100000005001500021035002000036007000300056008004100059040001700100100001600117245006600133250001300199300003100212504003000243020002200273041000800295082001000303084001600313090002200329260003800351500002900389600001300418850001000431990001500441990001500456INLIS00000000000319320260528024643 a0010-0421000016ta260528 0  aSBPUPADbind0 aBudi Samadi1 aSukses Beternak Ayam Ras, Pedaging dan Petelur /cBudi Samadi a.--Cet.2 a108 hlm. :bilus. ;c20 cm aBibliografi, hlm 108-114 a978-979-3756-58-507aind a636.5 a636.5 BUD s a636.5 BUD s L19-7 a.--Jakarta :bPustaka Mina,c2012 aTentang Penulis, hlm 115 4aBudidaya aPUPAD a599/B/2013 a598/B/2013